00746nam a22001457a 4500003000900000005001700009008004100026040001300067245011300080250000600193260002000199300001700219490000600236520035800242IT-RoPau20220918175943.0130219b xxu||||| |||| 00| 0 eng d cIT-RoPau aSSP/FSP Provincia Italia, Vademecum per l'animazione della Settimana della Comunicazione 21 - 28 maggio 2006 aI aRomabSSPc2006 a12 p.c21 cm vI aIndice Premessa: Ia Settimana della comunicazione 1. Livello locale: comunità€ e centri apostolici ssp e fsp Settimana della Comunicazione 2. Livello intermedio: centri culturali, animazione vocazionale 3. Livello nazionale 1° Festval della comunicazione Le vie del comunicare Commissione SSP-FSP per l'anamazione della Settimana della comunicazione